000 00907cab a2200265 4500
001 WB2909-56
008 090401t1993 xxu||||| |||| 00| 0 eng d
035 _a(Sirsi) u63233
041 _aeng
245 _aSaving rates
260 _c1993
350 _a0
490 _aCSW - The Property Week
_v42(9) 4 March 1993, 64(1)
520 _aConsiders how to make possible savings on empty property rates by appealing against a completion notice issued by a rating authority under Schedue 4A of Local Government Finance Act 1988 (as amended) for new buildings.
650 _aCOMPLETITION NOTICE
650 _aCUSTOMARY WORKS
650 _aEMPTY BUILDINGS
650 _aISLINGTON BC
650 _aLOCAL GOVENRMENT FINANCE ACT 1988 SCHEDULE 4A
650 _aLONDON MERCHANT SECURITIES PLC
650 _aTRENDWORTHY TWO LTD
690 _aRATING AND VALUATION
942 _n0
948 _c04/03/1997
999 _c39320
_d39320